Pepega quiz Marvel - Statystyki

Ogólne statystyki
  • Ten quiz został rozwiązany 446 razy
  • Średni wynik to 6 z 15
Statystyki odpowiedzi
Hint Odpowiedź % Poprawnych
Ile jest Kamieni Nieskończoności (w serii „Avengers”)? 6
93%
Jak brzmi pełne imie i nazwisko Spider Mana Peter Benjamin Parker
93%
W którym filmie po raz pierwszy pojawiła się Czarna Wdowa? Iron Man 2
77%
Jakie jest prawdziwe imię Czarnej Pantery? T'Challa
70%
Na jakiej planecie znajdował się kamień duszy w Avengers Infinity War? Vormir
51%
O jakim mieście często wspominają Hawkeye i Black Widow? Budapeszt
43%
Jakiej rasy był Thanos? Tytan
42%
Czego bogiem jest Loki? psot
35%
Z jakiego kraju pochodzi Czarna Wdowa ( Natalia Romanova ) z uniwersum Marvela ZSRR
32%
Kto po raz pierwszy w ekranizacji filmów Marvel, był w stanie unieść młot Thora? Hela
31%
W jakim obiekcie ochronnym znajdował się kamień przestrzeni w uniwersum Marvela ? Tesserakt
28%
Na której planecie Peter Quill odzyskuje Kulę zawierającą Kamień Mocy? Morag
16%
Jakiego przedmiotu dla żartu potrzebował Rocket, aby uciec z więzienia w "Srtażnikach Galaktyki"? proteza nogi
9%
Do jakiej piosenki tańczy Baby Groot pod koniec pierwszego Guardian of the Galaxy?(sam tytuł) I Want You Back
3%
Przed jakim punktem orientacyjnym Peter Parker ratuje swoich kolegów z klasy w Spider-Man: Homecoming? Washington Monument
2%
Nie znaleziono quizów pasujących do podanych kryteriów
Rozkład punktacji
Procent ludzi z każdym wynikiem
Percentyl według liczby udzielonych odpowiedzi
Twoja historia wyników
Nie rozwiązałeś tego quizu